El brigadier Dn. Casto Méndez y Núñez. Por Ismael Gajardo Reyes
Gespeichert in:
| 1. Verfasser: | |
|---|---|
| Format: | Buch |
| Sprache: | Spanisch |
| Veröffentlicht: |
Santiago
Imprenta Universitaria
1912
|
| Ausgabe: | 1a. ed |
| Schlagworte: | |
| Tags: |
Tag hinzufügen
Keine Tags, Fügen Sie den ersten Tag hinzu!
|
MARC
| LEADER | 00000nam a2200000 a 4500 | ||
|---|---|---|---|
| 001 | UCJ6688 | ||
| 003 | CL-VaPUC | ||
| 008 | 070124e19120000CL |||||||||||||||||spa|d | ||
| 082 | 0 | 4 | |a 923 |b MEN |2 21 |
| 100 | |a Gajardo Reyes, Ismael |e author |9 513808 | ||
| 245 | 1 | 3 | |a El brigadier Dn. Casto Méndez y Núñez. Por Ismael Gajardo Reyes |
| 250 | |a 1a. ed | ||
| 300 | |a 29 p | ||
| 942 | |c BK | ||
| 945 | |d 20070124 00:00:00 |a rinostro | ||
| 260 | |a Santiago |b Imprenta Universitaria |c 1912 | ||
| 500 | |a Conferencia leída en la Sesión celebrada el 23 de Diciembre de 1911 por la Sección de Historia de la Sociedad de Historia y Geografía, en el gran Salón de la Biblioteca Nacional. Front.: Retrato del brigadier Méndez Núñez; planos de las operaciones navales | ||
| 600 | 0 | 7 | |a MENDEZ NUÑEZ, CASTO |2 CL-VaPUC |9 504448 |
| 650 | 7 | |a BIOGRAFIA |2 CL-VaPUC |9 504622 | |
| 650 | 0 | |a Iconografía |9 267998 | |
| 650 | 0 | |a Mapas |9 260844 | |
| 650 | 7 | |a GUERRA CON ESPAÑA |2 CL-VaPUC |9 504456 | |
| 583 | |a last modification |c 20070124 00:00:00 |k Rodrigo Vera | ||
| 999 | |c 322790 |d 322788 | ||
| 952 | |0 0 |1 0 |4 0 |6 923_000000000000000_MEN_1912 |7 0 |8 X |9 401867 |a FDOBUD |b FDOBUD |d 2019-11-22 |i 1051180 |o 923 MEN 1912 |p 1051180 |r 2019-11-22 |w 2019-11-22 |y BK_X |k BUD | ||